000 00664cab a2200217 4500
001 ABS47983
008 090401t1993 xxu||||| |||| 00| 0 eng d
035 _a(Sirsi) u64295
041 _aeng
100 _aHislop, P.
245 _aTimber buildings
260 _c1993
350 _a0
490 _aArchitects` Journal
_v197(6) 10 February 1993, 59(1)
520 _aA briefing on the use of timber in construction, listing sources of information and advice; training and education courses; and exemplary buildings to visit.
650 _aTIMBER
650 _aTRADA
690 _aBUILT ENVIRONMENT-BUILDING MATERIALS
942 _n0
948 _c04/03/1997
999 _c40036
_d40036